[Event "ABC 2024 Utrecht, Groep A"]
[Site "Utrecht"]
[Date "2024.03.10"]
[Round "7.5"]
[White "Van de Poel, Jona"]
[Black "Aarts, Joaquin"]
[Result "1/2-1/2"]
[WhiteElo "1862"]
[BlackElo "1892"]

1. e4 {[%clk 00:55:16]} {[%emt 00:00:03]} c5 {[%clk 00:55:17]} {[%emt
00:00:04]} 2. Nf3 {[%clk 00:55:23]} {[%emt 00:00:02]} d6 {[%clk 00:55:25]}
{[%emt 00:00:03]} 3. d4 {[%clk 00:55:30]} {[%emt 00:00:04]} cxd4 {[%clk
00:55:32]} {[%emt 00:00:02]} 4. Nxd4 {[%clk 00:55:35]} {[%emt 00:00:04]} Nf6
{[%clk 00:55:36]} {[%emt 00:00:06]} 5. Nc3 {[%clk 00:55:43]} {[%emt 00:00:03]}
a6 {[%clk 00:55:36]} {[%emt 00:00:10]} 6. f4 {[%clk 00:55:47]} {[%emt
00:00:05]} e5 {[%clk 00:55:35]} {[%emt 00:00:12]} 7. Nf3 {[%clk 00:55:38]}
{[%emt 00:00:19]} Nbd7 {[%clk 00:55:41]} {[%emt 00:00:04]} 8. a4 {[%clk
00:54:54]} {[%emt 00:00:54]} Qc7 {[%clk 00:55:47]} {[%emt 00:00:04]} 9. Bd3
{[%clk 00:54:34]} {[%emt 00:00:30]} Be7 {[%clk 00:55:51]} {[%emt 00:00:05]} 10.
O-O {[%clk 00:54:00]} {[%emt 00:00:45]} O-O {[%clk 00:52:34]} {[%emt 00:03:27]}
11. Qe1 {[%clk 00:50:59]} {[%emt 00:03:10]} Re8 {[%clk 00:51:18]} {[%emt
00:01:27]} 12. Kh1 {[%clk 00:49:59]} {[%emt 00:01:10]} Bf8 {[%clk 00:37:46]}
{[%emt 00:13:41]} 13. fxe5 {[%clk 00:44:37]} {[%emt 00:05:32]} Nxe5 {[%clk
00:37:26]} {[%emt 00:00:31]} 14. Nxe5 {[%clk 00:44:17]} {[%emt 00:00:30]} Rxe5
{[%clk 00:35:55]} {[%emt 00:01:41]} 15. Be3 {[%clk 00:38:57]} {[%emt 00:05:29]}
Rh5 {[%clk 00:29:01]} {[%emt 00:07:02]} 16. Rxf6 {[%clk 00:31:56]} {[%emt
00:07:12]} gxf6 {[%clk 00:28:39]} {[%emt 00:00:33]} 17. Nd5 {[%clk 00:31:51]}
{[%emt 00:00:16]} Rxd5 {[%clk 00:25:20]} {[%emt 00:03:29]} 18. exd5 {[%clk
00:31:50]} {[%emt 00:00:10]} f5 {[%clk 00:23:21]} {[%emt 00:02:09]} 19. Qg3+
{[%clk 00:30:49]} {[%emt 00:01:10]} Bg7 {[%clk 00:23:10]} {[%emt 00:00:22]} 20.
Bd4 {[%clk 00:30:28]} {[%emt 00:00:30]} f6 {[%clk 00:23:12]} {[%emt 00:00:09]}
21. Bxf6 {[%clk 00:30:23]} {[%emt 00:00:15]} Qf7 {[%clk 00:20:48]} {[%emt
00:02:34]} 22. Bxg7 {[%clk 00:28:32]} {[%emt 00:02:01]} Qxg7 {[%clk 00:20:05]}
{[%emt 00:00:53]} 23. Qxd6 {[%clk 00:27:39]} {[%emt 00:01:03]} Bd7 {[%clk
00:19:50]} {[%emt 00:00:24]} 24. Qg3 {[%clk 00:26:01]} {[%emt 00:01:48]} Qxg3
{[%clk 00:18:55]} {[%emt 00:01:05]} 25. hxg3 {[%clk 00:26:06]} {[%emt
00:00:05]} Kf7 {[%clk 00:17:30]} {[%emt 00:01:36]} 26. Re1 {[%clk 00:24:38]}
{[%emt 00:01:38]} Kf6 {[%clk 00:16:13]} {[%emt 00:01:28]} 27. b3 {[%clk
00:22:37]} {[%emt 00:02:10]} b5 {[%clk 00:15:23]} {[%emt 00:01:00]} 28. axb5
{[%clk 00:22:35]} {[%emt 00:00:13]} axb5 {[%clk 00:15:25]} {[%emt 00:00:07]} 29.
Kg1 {[%clk 00:22:25]} {[%emt 00:00:19]} Rg8 {[%clk 00:14:27]} {[%emt 00:01:05]}
30. Kf2 {[%clk 00:22:16]} {[%emt 00:00:23]} Rg4 {[%clk 00:14:00]} {[%emt
00:00:37]} 31. Rh1 {[%clk 00:21:54]} {[%emt 00:00:31]} Rd4 {[%clk 00:12:13]}
{[%emt 00:01:57]} 32. Rxh7 {[%clk 00:21:38]} {[%emt 00:00:27]} Rxd5 {[%clk
00:12:18]} {[%emt 00:00:05]} 33. Rh6+ {[%clk 00:20:33]} {[%emt 00:01:12]} Ke5
{[%clk 00:11:32]} {[%emt 00:00:59]} 34. g4 {[%clk 00:20:26]} {[%emt 00:00:17]}
fxg4 {[%clk 00:10:43]} {[%emt 00:00:59]} 35. Rh5+ {[%clk 00:20:31]} {[%emt
00:00:05]} Kd6 {[%clk 00:10:35]} {[%emt 00:00:17]} 36. Rxd5+ {[%clk 00:20:28]}
{[%emt 00:00:14]} Kxd5 {[%clk 00:10:39]} {[%emt 00:00:06]} 37. Kg3 {[%clk
00:20:24]} {[%emt 00:00:13]} Kd4 {[%clk 00:10:20]} {[%emt 00:00:30]} 38. Bxb5
{[%clk 00:20:24]} {[%emt 00:00:10]} Bxb5 {[%clk 00:10:20]} {[%emt 00:00:11]} 39.
Kxg4 {[%clk 00:20:29]} {[%emt 00:00:04]} Kc3 {[%clk 00:10:14]} {[%emt
00:00:16]} 1/2-1/2

[Event "ABC 2024 Utrecht, Groep A"]
[Site "Utrecht"]
[Date "2024.03.10"]
[Round "7.6"]
[White "Knol, Daniel"]
[Black "Elferink, Leon"]
[Result "0-1"]
[WhiteElo "1957"]
[BlackElo "1804"]

1. e4 {[%clk 00:55:19]} {[%emt 00:00:01]} g6 {[%clk 00:55:13]} {[%emt
00:00:08]} 2. d4 {[%clk 00:55:21]} {[%emt 00:00:08]} Bg7 {[%clk 00:55:19]}
{[%emt 00:00:03]} 3. g3 {[%clk 00:55:16]} {[%emt 00:00:14]} d6 {[%clk
00:55:16]} {[%emt 00:00:15]} 4. Bg2 {[%clk 00:55:20]} {[%emt 00:00:05]} Nf6
{[%clk 00:54:54]} {[%emt 00:00:32]} 5. Nc3 {[%clk 00:55:24]} {[%emt 00:00:06]}
Nbd7 {[%clk 00:54:54]} {[%emt 00:00:10]} 6. Nge2 {[%clk 00:54:59]} {[%emt
00:00:34]} e5 {[%clk 00:53:35]} {[%emt 00:01:30]} 7. h3 {[%clk 00:53:31]}
{[%emt 00:01:38]} c6 {[%clk 00:51:56]} {[%emt 00:01:49]} 8. Be3 {[%clk
00:53:36]} {[%emt 00:00:06]} a6 {[%clk 00:50:34]} {[%emt 00:01:32]} 9. O-O
{[%clk 00:53:14]} {[%emt 00:00:31]} O-O {[%clk 00:49:27]} {[%emt 00:01:17]} 10.
f4 {[%clk 00:53:17]} {[%emt 00:00:07]} Qc7 {[%clk 00:48:03]} {[%emt 00:01:34]}
11. f5 {[%clk 00:53:09]} {[%emt 00:00:18]} b5 {[%clk 00:43:53]} {[%emt
00:04:20]} 12. g4 {[%clk 00:52:54]} {[%emt 00:00:25]} b4 {[%clk 00:43:30]}
{[%emt 00:00:33]} 13. Na4 {[%clk 00:52:51]} {[%emt 00:00:13]} d5 {[%clk
00:42:41]} {[%emt 00:01:00]} 14. Ng3 {[%clk 00:49:30]} {[%emt 00:03:31]} Nxe4
{[%clk 00:38:37]} {[%emt 00:04:13]} 15. Nxe4 {[%clk 00:49:17]} {[%emt
00:00:23]} dxe4 {[%clk 00:37:21]} {[%emt 00:01:26]} 16. Bxe4 {[%clk 00:49:04]}
{[%emt 00:00:23]} Nf6 {[%clk 00:32:13]} {[%emt 00:05:19]} 17. Bg2 {[%clk
00:48:48]} {[%emt 00:00:25]} Rd8 {[%clk 00:31:38]} {[%emt 00:00:46]} 18. fxg6
{[%clk 00:45:26]} {[%emt 00:03:32]} fxg6 {[%clk 00:28:31]} {[%emt 00:03:16]} 19.
Qe2 {[%clk 00:45:09]} {[%emt 00:00:27]} Nd5 {[%clk 00:25:39]} {[%emt 00:03:02]}
20. Bg5 {[%clk 00:43:59]} {[%emt 00:01:20]} Re8 {[%clk 00:24:05]} {[%emt
00:01:44]} 21. Nc5 {[%clk 00:42:26]} {[%emt 00:01:43]} Be6 {[%clk 00:21:00]}
{[%emt 00:03:15]} 22. Nxe6 {[%clk 00:41:32]} {[%emt 00:01:05]} Rxe6 {[%clk
00:20:59]} {[%emt 00:00:11]} 23. Qc4 {[%clk 00:40:56]} {[%emt 00:00:46]} Qd6
{[%clk 00:20:27]} {[%emt 00:00:41]} 24. dxe5 {[%clk 00:40:20]} {[%emt
00:00:47]} Qxe5 {[%emt 00:05:39]} 25. Rae1 {[%clk 00:36:34]} Qd4+ {[%clk
00:15:39]} {[%emt 00:03:25]} 26. Qxd4 {[%clk 00:36:40]} {[%emt 00:00:04]} Bxd4+
{[%clk 00:15:43]} {[%emt 00:00:06]} 27. Kh1 {[%clk 00:36:26]} {[%emt 00:00:23]}
Rae8 {[%clk 00:14:59]} {[%emt 00:00:54]} 28. Rxe6 {[%clk 00:28:57]} {[%emt
00:07:39]} Rxe6 {[%clk 00:14:59]} {[%emt 00:00:11]} 29. Rd1 {[%clk 00:29:00]}
{[%emt 00:00:06]} Bxb2 {[%clk 00:10:49]} {[%emt 00:04:21]} 30. Bf1 {[%clk
00:28:08]} {[%emt 00:01:00]} Bf6 {[%clk 00:08:55]} {[%emt 00:02:05]} 31. Bxf6
{[%clk 00:27:17]} {[%emt 00:01:01]} Rxf6 {[%clk 00:08:58]} {[%emt 00:00:08]} 32.
Bxa6 {[%clk 00:27:14]} {[%emt 00:00:13]} Kg7 {[%clk 00:06:50]} {[%emt
00:02:18]} 33. Bb7 {[%clk 00:26:22]} {[%emt 00:01:01]} Ne3 {[%clk 00:04:53]}
{[%emt 00:02:08]} 34. Rd7+ {[%clk 00:25:56]} {[%emt 00:00:36]} Kh6 {[%clk
00:05:01]} {[%emt 00:00:02]} 35. Rd2 {[%clk 00:24:51]} {[%emt 00:01:15]} Rf1+
{[%clk 00:04:45]} {[%emt 00:00:25]} 36. Kh2 {[%clk 00:24:47]} {[%emt 00:00:12]}
Rf7 {[%clk 00:04:13]} {[%emt 00:00:43]} 37. Re2 {[%clk 00:23:41]} {[%emt
00:01:17]} Nxg4+ {[%clk 00:04:06]} {[%emt 00:00:18]} 38. hxg4 {[%clk 00:23:45]}
{[%emt 00:00:06]} Rxb7 {[%clk 00:04:13]} {[%emt 00:00:02]} 39. Re5 {[%clk
00:23:35]} {[%emt 00:00:20]} Ra7 {[%clk 00:03:34]} {[%emt 00:00:50]} 40. g5+
{[%clk 00:22:37]} {[%emt 00:01:08]} Kh5 {[%clk 00:03:05]} {[%emt 00:00:39]} 41.
Kg3 {[%clk 00:20:35]} {[%emt 00:02:12]} Rxa2 {[%clk 00:03:13]} {[%emt
00:00:02]} 42. Kf4 {[%clk 00:20:44]} Rxc2 {[%clk 00:03:14]} {[%emt 00:00:10]}
43. Re7 {[%clk 00:20:43]} {[%emt 00:00:04]} Rc4+ {[%clk 00:03:22]} {[%emt
00:00:09]} 44. Ke3 {[%clk 00:20:36]} {[%emt 00:00:17]} Kxg5 {[%clk 00:03:18]}
{[%emt 00:00:13]} 45. Rxh7 {[%clk 00:20:45]} {[%emt 00:00:02]} c5 {[%clk
00:03:17]} {[%emt 00:00:11]} 46. Rd7 {[%clk 00:20:49]} {[%emt 00:00:05]} Kg4
{[%clk 00:03:15]} {[%emt 00:00:11]} 47. Rd1 {[%clk 00:20:44]} {[%emt 00:00:17]}
g5 {[%clk 00:03:10]} {[%emt 00:00:14]} 48. Rg1+ {[%clk 00:20:47]} {[%emt
00:00:07]} Kf5 {[%clk 00:02:59]} {[%emt 00:00:21]} 49. Rf1+ {[%clk 00:20:49]}
{[%emt 00:00:08]} Ke5 {[%clk 00:03:06]} {[%emt 00:00:03]} 50. Rg1 {[%clk
00:20:58]} {[%emt 00:00:02]} g4 {[%clk 00:03:11]} {[%emt 00:00:04]} 51. Kd3
{[%clk 00:21:04]} {[%emt 00:00:05]} Rc3+ {[%clk 00:03:13]} {[%emt 00:00:08]} 52.
Kd2 {[%clk 00:21:10]} {[%emt 00:00:04]} Kf4 {[%clk 00:03:20]} {[%emt 00:00:02]}
0-1

[Event "ABC 2024 Utrecht, Groep A"]
[Site "Utrecht"]
[Date "2024.03.10"]
[Round "7.7"]
[White "Veerman, Rien"]
[Black "Mulder, Lars"]
[Result "1-0"]
[WhiteElo "1870"]
[BlackElo "1538"]

1. e4 {[%clk 00:55:18]} {[%emt 00:00:01]} e5 {[%clk 00:55:17]} {[%emt
00:00:04]} 2. Nf3 {[%clk 00:55:22]} {[%emt 00:00:06]} Nc6 {[%clk 00:55:21]}
{[%emt 00:00:05]} 3. d4 {[%clk 00:55:22]} {[%emt 00:00:11]} exd4 {[%clk
00:55:28]} {[%emt 00:00:04]} 4. Bc4 {[%clk 00:55:26]} {[%emt 00:00:05]} Bb4+
{[%clk 00:50:21]} {[%emt 00:05:18]} 5. c3 {[%clk 00:55:00]} {[%emt 00:00:35]}
dxc3 {[%clk 00:49:26]} {[%emt 00:01:05]} 6. O-O {[%clk 00:54:11]} {[%emt
00:00:58]} cxb2 {[%clk 00:44:40]} {[%emt 00:04:57]} 7. Bxb2 {[%clk 00:53:58]}
{[%emt 00:00:22]} f6 {[%clk 00:42:31]} {[%emt 00:02:20]} 8. Qb3 {[%clk
00:50:40]} {[%emt 00:03:28]} Nge7 {[%clk 00:39:34]} {[%emt 00:03:07]} 9. e5
{[%clk 00:50:08]} {[%emt 00:00:43]} d5 {[%clk 00:32:43]} {[%emt 00:07:00]} 10.
Bb5 {[%clk 00:49:40]} {[%emt 00:00:38]} a6 {[%clk 00:26:19]} {[%emt 00:06:35]}
11. Qxb4 {[%clk 00:48:37]} {[%emt 00:01:11]} axb5 {[%clk 00:25:00]} {[%emt
00:01:30]} 12. Qh4 {[%clk 00:47:43]} {[%emt 00:01:04]} Nf5 {[%clk 00:19:27]}
{[%emt 00:05:42]} 13. Qg4 {[%clk 00:42:11]} {[%emt 00:05:42]} g6 {[%clk
00:15:16]} {[%emt 00:04:21]} 14. exf6 {[%clk 00:40:52]} {[%emt 00:01:29]} Ne3
{[%clk 00:10:28]} {[%emt 00:04:58]} 15. Qf4 {[%clk 00:40:43]} {[%emt 00:00:19]}
Nxf1 {[%clk 00:09:24]} {[%emt 00:01:14]} 16. f7+ {[%clk 00:40:36]} {[%emt
00:00:17]} Kd7 {[%clk 00:08:34]} {[%emt 00:01:01]} 17. Bxh8 {[%clk 00:40:39]}
{[%emt 00:00:07]} Qf8 {[%clk 00:05:01]} {[%emt 00:03:43]} 18. Bg7 {[%clk
00:39:38]} {[%emt 00:01:11]} Qxg7 {[%clk 00:04:26]} {[%emt 00:00:45]} 19. f8=Q
{[%clk 00:39:35]} {[%emt 00:00:10]} Qxa1 {[%clk 00:03:17]} {[%emt 00:01:21]} 20.
Qg4# {[%clk 00:39:06]} {[%emt 00:00:28]} 1-0

[ePGN "0.1;DGT LiveChess/2.2.6"]

[Event "ABC 2024 Utrecht, Groep B"]
[Site "Utrecht"]
[Date "2024.03.09"]
[Round "1.1"]
[White "Bajnath, Dhanesh"]
[Black "Ambrona Navarro, Himar"]
[Result "1-0"]
[WhiteElo "1760"]
[BlackElo "1989"]

1. e4 {[%clk 00:55:19]} c6 {[%clk 00:55:12]} {[%emt 00:00:07]} 2. d4 {[%clk
00:55:26]} {[%emt 00:00:05]} d5 {[%clk 00:55:17]} {[%emt 00:00:05]} 3. e5
{[%clk 00:55:34]} {[%emt 00:00:02]} Bf5 {[%clk 00:55:19]} {[%emt 00:00:06]} 4.
Bd3 {[%clk 00:53:24]} {[%emt 00:02:22]} Bxd3 {[%clk 00:53:56]} {[%emt
00:01:33]} 5. Qxd3 {[%clk 00:53:25]} {[%emt 00:00:08]} e6 {[%clk 00:53:49]}
{[%emt 00:00:16]} 6. Nc3 {[%clk 00:52:08]} {[%emt 00:01:29]} c5 {[%clk
00:51:03]} {[%emt 00:02:55]} 7. Nge2 {[%clk 00:43:40]} {[%emt 00:08:38]} Nc6
{[%clk 00:49:23]} {[%emt 00:01:49]} 8. f4 {[%clk 00:42:24]} {[%emt 00:01:27]}
Nh6 {[%clk 00:47:50]} {[%emt 00:01:42]} 9. Be3 {[%clk 00:38:09]} {[%emt
00:04:26]} Nf5 {[%clk 00:44:00]} {[%emt 00:03:59]} 10. O-O-O {[%clk 00:36:22]}
{[%emt 00:01:58]} Nxe3 {[%clk 00:40:12]} {[%emt 00:03:57]} 11. Qxe3 {[%clk
00:36:12]} {[%emt 00:00:21]} cxd4 {[%clk 00:39:39]} {[%emt 00:00:42]} 12. Nxd4
{[%clk 00:35:52]} {[%emt 00:00:31]} Bc5 {[%clk 00:38:46]} {[%emt 00:01:01]} 13.
Nce2 {[%clk 00:34:30]} {[%emt 00:01:34]} Qb6 {[%clk 00:36:35]} {[%emt
00:02:19]} 14. Rhf1 {[%clk 00:31:12]} {[%emt 00:03:29]} Na5 {[%clk 00:30:36]}
{[%emt 00:06:09]} 15. Qd3 {[%clk 00:17:31]} {[%emt 00:13:50]} Nc4 {[%clk
00:22:18]} {[%emt 00:08:27]} 16. Qc3 {[%clk 00:13:52]} {[%emt 00:03:50]} a5
{[%clk 00:18:43]} {[%emt 00:03:45]} 17. a4 {[%clk 00:10:05]} {[%emt 00:03:59]}
Rc8 {[%clk 00:11:12]} {[%emt 00:07:39]} 18. Rf3 {[%clk 00:08:37]} {[%emt
00:01:39]} O-O {[%clk 00:07:57]} {[%emt 00:03:26]} 19. Rg3 {[%clk 00:05:42]}
{[%emt 00:03:05]} Bxd4 {[%clk 00:06:11]} {[%emt 00:01:55]} 20. Qxd4 {[%clk
00:04:45]} {[%emt 00:01:06]} Qa6 {[%clk 00:04:13]} {[%emt 00:02:03]} 21. Nc3
{[%clk 00:03:26]} {[%emt 00:01:36]} Rc6 {[%clk 00:04:00]} {[%emt 00:00:19]} 22.
Rdd3 {[%clk 00:03:06]} {[%emt 00:00:33]} Rfc8 {[%clk 00:03:14]} {[%emt
00:00:52]} 23. f5 {[%clk 00:02:47]} {[%emt 00:00:34]} Nb6 {[%clk 00:02:27]}
{[%emt 00:00:56]} 24. f6 {[%clk 00:02:13]} {[%emt 00:00:55]} g6 {[%clk
00:00:57]} {[%emt 00:01:49]} 25. Qh4 {[%emt 00:00:26]} h5 {[%clk 00:00:39]}
{[%emt 00:00:24]} 26. Qxh5 {[%clk 00:02:07]} {[%emt 00:00:04]} 1-0

[Event "ABC 2024 Utrecht, Groep B"]
[Site "Utrecht"]
[Date "2024.03.09"]
[Round "1.2"]
[White "Roolvink, William"]
[Black "Woldhuis, Marnik"]
[Result "1-0"]
[WhiteElo "1977"]
[BlackElo "1760"]

1. e4 {[%clk 00:55:17]} {[%emt 00:00:03]} e5 {[%clk 00:55:19]} {[%emt
00:00:01]} 2. Nf3 {[%clk 00:55:23]} {[%emt 00:00:05]} Nc6 {[%clk 00:55:26]}
{[%emt 00:00:04]} 3. Bb5 {[%clk 00:55:30]} {[%emt 00:00:02]} a6 {[%clk
00:55:31]} {[%emt 00:00:05]} 4. Ba4 {[%clk 00:55:38]} {[%emt 00:00:02]} Nf6
{[%clk 00:55:37]} {[%emt 00:00:04]} 5. O-O {[%clk 00:55:46]} {[%emt 00:00:02]}
b5 {[%clk 00:54:59]} {[%emt 00:00:48]} 6. Bb3 {[%clk 00:55:36]} {[%emt
00:00:19]} Nxe4 {[%clk 00:55:08]} {[%emt 00:00:02]} 7. d4 {[%clk 00:50:36]}
{[%emt 00:05:11]} d5 {[%clk 00:54:14]} {[%emt 00:01:03]} 8. dxe5 {[%clk
00:50:17]} {[%emt 00:00:29]} Be6 {[%clk 00:54:08]} {[%emt 00:00:16]} 9. Nbd2
{[%clk 00:49:36]} {[%emt 00:00:51]} Nc5 {[%clk 00:48:50]} {[%emt 00:05:28]} 10.
c3 {[%clk 00:48:59]} {[%emt 00:00:47]} Be7 {[%clk 00:46:48]} {[%emt 00:02:12]}
11. Bc2 {[%clk 00:48:49]} {[%emt 00:00:20]} O-O {[%clk 00:45:11]} {[%emt
00:01:46]} 12. Nb3 {[%clk 00:41:37]} {[%emt 00:07:22]} Bg4 {[%clk 00:43:13]}
{[%emt 00:02:07]} 13. Re1 {[%clk 00:32:05]} {[%emt 00:09:44]} Ne4 {[%clk
00:40:33]} {[%emt 00:02:49]} 14. Bf4 {[%clk 00:20:20]} {[%emt 00:11:55]} Bg5
{[%clk 00:37:39]} {[%emt 00:03:03]} 15. Bxe4 {[%clk 00:15:40]} {[%emt
00:04:52]} dxe4 {[%clk 00:36:48]} {[%emt 00:01:00]} 16. Qxd8 {[%clk 00:14:24]}
{[%emt 00:01:26]} Bxd8 {[%clk 00:34:23]} {[%emt 00:02:36]} 17. Rxe4 {[%clk
00:14:10]} {[%emt 00:00:24]} Bxf3 {[%clk 00:33:53]} {[%emt 00:00:39]} 18. gxf3
{[%clk 00:14:19]} {[%emt 00:00:02]} f5 {[%clk 00:30:44]} {[%emt 00:03:18]} 19.
exf6 {[%clk 00:12:39]} {[%emt 00:01:50]} Rxf6 {[%clk 00:23:18]} {[%emt
00:07:36]} 20. Rd1 {[%clk 00:12:25]} {[%emt 00:00:24]} Be7 {[%clk 00:21:12]}
{[%emt 00:02:17]} 21. Bxc7 {[%clk 00:10:48]} {[%emt 00:01:47]} Rxf3 {[%clk
00:20:14]} {[%emt 00:01:08]} 22. Rd7 {[%clk 00:07:43]} {[%emt 00:03:15]} Ra7
{[%clk 00:11:24]} {[%emt 00:08:58]} 23. Rexe7 {[%clk 00:04:04]} {[%emt
00:03:50]} Nxe7 {[%clk 00:11:30]} {[%emt 00:00:04]} 24. Rxe7 {[%clk 00:04:10]}
{[%emt 00:00:04]} Rf7 {[%clk 00:11:03]} {[%emt 00:00:37]} 25. Rxf7 {[%clk
00:03:48]} {[%emt 00:00:33]} Kxf7 {[%clk 00:11:09]} {[%emt 00:00:03]} 26. Bb6
{[%clk 00:03:18]} {[%emt 00:00:41]} Rd7 {[%clk 00:10:45]} {[%emt 00:00:34]} 27.
Bd4 {[%clk 00:03:23]} {[%emt 00:00:04]} g5 {[%clk 00:10:23]} {[%emt 00:00:32]}
28. Nc5 {[%clk 00:02:29]} {[%emt 00:01:04]} Rd6 {[%clk 00:10:19]} {[%emt
00:00:14]} 29. Ne4 {[%clk 00:02:34]} {[%emt 00:00:05]} Rg6 {[%clk 00:09:40]}
{[%emt 00:00:50]} 30. Kg2 {[%clk 00:02:13]} {[%emt 00:00:31]} Ke6 {[%clk
00:09:19]} {[%emt 00:00:30]} 31. Kf3 {[%clk 00:01:56]} {[%emt 00:00:27]} h5
{[%clk 00:08:21]} {[%emt 00:01:08]} 32. Be3 {[%clk 00:01:21]} {[%emt 00:00:45]}
g4+ {[%clk 00:07:37]} {[%emt 00:00:54]} 33. Kg3 {[%clk 00:01:07]} {[%emt
00:00:24]} Kd5 {[%clk 00:06:32]} {[%emt 00:01:15]} 34. Nc5 {[%clk 00:00:36]}
{[%emt 00:00:41]} Kc4 {[%clk 00:05:50]} {[%emt 00:00:52]} 35. Kh4 {[%clk
00:00:36]} {[%emt 00:00:11]} a5 {[%clk 00:05:20]} {[%emt 00:00:39]} 36. Kxh5
{[%clk 00:00:35]} {[%emt 00:00:11]} Rg8 {[%clk 00:05:19]} {[%emt 00:00:11]} 37.
Nb3 {[%clk 00:00:11]} {[%emt 00:00:35]} a4 {[%emt 00:00:21]} 38. Nd4 {[%clk
00:00:15]} {[%emt 00:00:03]} a3 {[%clk 00:05:17]} {[%emt 00:00:04]} 39. bxa3
{[%clk 00:00:21]} {[%emt 00:00:03]} Kxc3 {[%clk 00:05:22]} {[%emt 00:00:06]} 40.
Nxb5+ {[%clk 00:00:27]} {[%emt 00:00:03]} Kb2 {[%clk 00:05:05]} {[%emt
00:00:27]} 41. a4 {[%clk 00:00:25]} {[%emt 00:00:12]} Ra8 {[%clk 00:04:52]}
{[%emt 00:00:24]} 42. Ba7 {[%clk 00:00:15]} {[%emt 00:00:21]} Kxa2 {[%clk
00:04:30]} {[%emt 00:00:31]} 43. a5 {[%clk 00:00:19]} {[%emt 00:00:05]} Kb3
{[%clk 00:04:38]} {[%emt 00:00:02]} 44. Bb6 {[%clk 00:00:22]} {[%emt 00:00:07]}
Kc4 {[%clk 00:04:45]} {[%emt 00:00:03]} 45. Nc7 {[%clk 00:00:25]} {[%emt
00:00:07]} Rh8+ {[%clk 00:04:54]} {[%emt 00:00:01]} 46. Kxg4 {[%clk 00:00:33]}
{[%emt 00:00:03]} Rh6 {[%clk 00:04:28]} {[%emt 00:00:36]} 47. h4 {[%clk
00:00:32]} {[%emt 00:00:10]} Kd3 {[%clk 00:04:36]} {[%emt 00:00:02]} 48. Kg5
{[%clk 00:00:39]} {[%emt 00:00:03]} Rh8 {[%clk 00:04:13]} {[%emt 00:00:33]} 49.
a6 {[%clk 00:00:25]} {[%emt 00:00:24]} Rg8+ {[%clk 00:04:15]} {[%emt 00:00:08]}
50. Kf6 {[%clk 00:00:25]} {[%emt 00:00:08]} Ke2 {[%clk 00:03:37]} {[%emt
00:00:50]} 51. a7 {[%clk 00:00:22]} {[%emt 00:00:14]} Rh8 {[%clk 00:02:39]}
{[%emt 00:01:07]} 52. Kg7 {[%clk 00:00:16]} {[%emt 00:00:16]} Rxh4 {[%clk
00:02:24]} {[%emt 00:00:24]} 53. a8=Q {[%clk 00:00:17]} {[%emt 00:00:10]} Rg4+
{[%clk 00:02:33]} {[%emt 00:00:02]} 54. Kf6 {[%clk 00:00:23]} {[%emt 00:00:03]}
Rf4+ {[%clk 00:02:42]} 55. Ke5 {[%clk 00:00:30]} {[%emt 00:00:04]} Rb4 {[%clk
00:02:49]} {[%emt 00:00:03]} 56. Qa2+ {[%clk 00:00:36]} {[%emt 00:00:04]} Kf1
{[%clk 00:02:57]} {[%emt 00:00:02]} 57. Nd5 {[%clk 00:00:40]} {[%emt 00:00:06]}
Rh4 {[%clk 00:02:57]} {[%emt 00:00:10]} 58. f4 {[%clk 00:00:43]} {[%emt
00:00:07]} Rh5+ {[%clk 00:02:42]} {[%emt 00:00:25]} 59. Ke4 {[%clk 00:00:50]}
{[%emt 00:00:03]} Ke1 {[%clk 00:02:46]} {[%emt 00:00:05]} 60. Ba5+ {[%clk
00:00:26]} {[%emt 00:00:35]} Kf1 {[%clk 00:02:52]} {[%emt 00:00:03]} 61. Ne3+
{[%clk 00:00:33]} {[%emt 00:00:04]} Kg1 {[%clk 00:03:00]} {[%emt 00:00:02]} 62.
Qg2# {[%clk 00:00:40]} {[%emt 00:00:03]} 1-0